| 000 | 00521nam a22001817a 4500 | ||
|---|---|---|---|
| 999 |
_c164345 _d164345 |
||
| 005 | 20190524162236.0 | ||
| 010 | _aB-106875 | ||
| 020 |
_a0195674456 _c120.00 |
||
| 035 | _aB-106875 | ||
| 037 | _bOxford University Press. | ||
| 082 | _a882 | ||
| 100 | _aPartgasarathy, Indira. | ||
| 245 |
_aThe legend of nandan / _cIndira Parthasarathy _bNandan Kathai |
||
| 260 |
_aNew Delhi _bOxford University Press. _c2003 |
||
| 300 |
_a82p _c21cm (hbk) |
||
| 700 | _aIndra, C.T. | ||
| 942 |
_2ddc _cEN _h882 _mPAR |
||